000 00289nam a2200121Ia 4500
005 20250409180926.0
008 250409s9999||||xx |||||||||||||| ||und||
100 _aDUMA, ALEXANDER
245 0 _aMONTE CRISTO
260 _bD C BOOKS,
_aKOTTAYAM:
650 _vMalayalam Fiction
942 _cBOOK
999 _c3228
_d3228